[Event "Amateur Chess Tournament A"]
[Site "Bratto - Castione della Presolana ITA"]
[Date "2012.04.29"]
[Round "4"]
[White "Kimbin, Richard Conrod"]
[Black "Stoppa, Omar"]
[Result "0-1"]
[WhiteElo "1939"]
[BlackElo "2278"]
[PlyCount "70"]
[EventDate "2012.04.28"]

1. Nf3 Nf6 2. g3 g6 3. Bg2 Bg7 4. d4 c5 5. c4 cxd4 6. Nxd4 Nc6 7. Nc3 O-O 8.
O-O Ng4 9. e3 d6 10. Nxc6 bxc6 11. Bxc6 Rb8 12. Bg2 Ne5 13. Qc2 Nxc4 14. b3 Ne5
15. Bb2 Bb7 16. Rfd1 Bxg2 17. Kxg2 Qd7 18. Qe4 e6 19. Kg1 f5 20. Qg2 Rfc8 21.
Rac1 Rc6 22. Ne2 Rxc1 23. Bxc1 Rc8 24. Ba3 d5 25. Nd4 Nc6 26. f4 Nxd4 27. exd4
Qb5 28. Qd2 h5 29. h4 Kh7 30. Kf2 a5 31. Ke3 a4 32. Rb1 axb3 33. axb3 Qa6 34.
Bc5 e5 35. fxe5 Bh6+ 0-1

[Event "Amateur Chess Tournament A"]
[Site "Bratto - Castione della Presolana ITA"]
[Date "2012.04.29"]
[Round "4"]
[White "Medici, Simone"]
[Black "Boschetti, Claudio"]
[Result "1-0"]
[WhiteElo "2131"]
[BlackElo "2153"]
[PlyCount "133"]
[EventDate "2012.04.28"]

1. c4 b6 2. b3 Bb7 3. Bb2 Nf6 4. e3 e6 5. Nf3 d6 6. d4 Nbd7 7. Nbd2 c5 8. Bd3
Qc7 9. O-O Be7 10. Re1 a6 11. Qc2 O-O 12. Rad1 Rfe8 13. Ng5 h6 14. Nh3 e5 15.
f4 Bf8 16. fxe5 dxe5 17. d5 e4 18. Nxe4 Ng4 19. Nf4 Nxe3 20. Rxe3 Qxf4 21. Rf3
Qc7 22. Rdf1 f6 23. Rg3 Bd6 24. Nxd6 Qxd6 25. Qd2 Kf8 26. Bc1 Re7 27. Qd1 Ne5
28. Bh7 Ke8 29. Bf5 Kd8 30. Bf4 Kc7 31. Re1 g5 32. Bd2 Rae8 33. Rge3 Kb8 34.
Qh5 b5 35. Qe2 bxc4 36. bxc4 Bc8 37. Bxc8 Rxc8 38. Rb1+ Rb7 39. Rxb7+ Kxb7 40.
Bc3 Re8 41. Qb2+ Ka7 42. Bxe5 fxe5 43. Rf3 Re7 44. Qf2 Rb7 45. Rf7 e4 46. g3
Rxf7 47. Qxf7+ Kb6 48. Qe8 Qf6 49. Qxe4 Qa1+ 50. Kg2 Qxa2+ 51. Kh3 Qd2 52. Kg4
Ka5 53. Kf5 Qxh2 54. d6 Qxg3 55. Qd5 Qh3+ 56. Kf6 Qc8 57. Ke7 Kb4 58. d7 Qc7
59. Ke8 a5 60. d8=Q Qxd8+ 61. Kxd8 a4 62. Kc7 a3 63. Kb6 a2 64. Qxc5+ Kb3 65.
Qd4 a1=R 66. Qxa1 Kxc4 67. Qh1 1-0

[Event "Amateur Chess Tournament A"]
[Site "Bratto - Castione della Presolana ITA"]
[Date "2012.04.29"]
[Round "4"]
[White "Molina, Fabrizio"]
[Black "Pirola, Andrea"]
[Result "1-0"]
[WhiteElo "2264"]
[BlackElo "2115"]
[PlyCount "57"]
[EventDate "2012.04.28"]

1. d4 d5 2. c4 e6 3. Nc3 Nf6 4. cxd5 exd5 5. Bg5 Be7 6. e3 c6 7. Qc2 Bg4 8. Bd3
Nbd7 9. f3 Bh5 10. Nge2 Bg6 11. O-O Nf8 12. Nf4 Bxd3 13. Nxd3 Ne6 14. Bh4 g5
15. Bf2 h5 16. Ne5 Bd6 17. Qf5 Qe7 18. f4 Bxe5 19. fxe5 Ng4 20. Rac1 Nc7 21. e4
Nh6 22. Qf3 g4 23. Qe2 O-O-O 24. Be3 dxe4 25. Nxe4 Ne6 26. Nd6+ Rxd6 27. exd6
Qxd6 28. Qd2 Ng8 29. d5 1-0

[Event "Amateur Chess Tournament A"]
[Site "Bratto - Castione della Presolana ITA"]
[Date "2012.04.29"]
[Round "4"]
[White "Pepe, Mario"]
[Black "Battistella, Stefano"]
[Result "1-0"]
[WhiteElo "2000"]
[BlackElo "2104"]
[PlyCount "79"]
[EventDate "2012.04.28"]

1. e4 e6 2. d3 c5 3. Nd2 Nc6 4. Ngf3 d5 5. g3 Bd6 6. Bg2 Nge7 7. O-O O-O 8. Re1
Qc7 9. Qe2 f6 10. h4 Bd7 11. h5 Rae8 12. c3 d4 13. Nc4 e5 14. Nh4 b5 15. Nxd6
Qxd6 16. f4 dxc3 17. bxc3 Rd8 18. f5 Be8 19. Rd1 Kh8 20. Be3 b4 21. Rac1 bxc3
22. Rxc3 Nd4 23. Qg4 Rb8 24. Ng6+ Nxg6 25. hxg6 Kg8 26. gxh7+ Kxh7 27. Rdc1 Rb2
28. Bf1 Rb5 29. a4 Ra5 30. Rb1 Bc6 31. Rb2 Rh8 32. Rc4 Kg8 33. Qd1 Ra6 34. Rxc5
Qxc5 35. Rb8+ Qf8 36. Rxf8+ Kxf8 37. Bxd4 exd4 38. Qc2 Ke7 39. Qc4 Rb6 40. a5
1-0

[Event "Amateur Chess Tournament A"]
[Site "Bratto - Castione della Presolana ITA"]
[Date "2012.04.29"]
[Round "4"]
[White "Radice, Luca"]
[Black "Berger, Stefan"]
[Result "1-0"]
[WhiteElo "2042"]
[BlackElo "2016"]
[PlyCount "59"]
[EventDate "2012.04.28"]

1. d4 Nf6 2. Nf3 d5 3. c4 c6 4. e3 g6 5. Nc3 Bg7 6. Bd3 O-O 7. h3 Nbd7 8. cxd5
Nxd5 9. e4 Nxc3 10. bxc3 c5 11. O-O cxd4 12. cxd4 Nb6 13. Be3 Bd7 14. Rc1 e6
15. Qd2 f5 16. Ne5 Bxe5 17. dxe5 Bc6 18. exf5 gxf5 19. Bg5 Qd5 20. Rxc6 bxc6
21. Bf6 Rf7 22. Qg5+ Kf8 23. Be2 Qd7 24. Qh6+ Kg8 25. Rd1 Nd5 26. Bc4 Rg7 27.
Bxg7 Qxg7 28. Qxe6+ Kh8 29. Qxc6 Nb6 30. Qxa8+ 1-0

[Event "Amateur Chess Tournament A"]
[Site "Bratto - Castione della Presolana ITA"]
[Date "2012.04.29"]
[Round "4"]
[White "Siegel, Adrian"]
[Black "Cocconcelli, Lorenzo"]
[Result "1/2-1/2"]
[WhiteElo "2005"]
[BlackElo "1964"]
[PlyCount "68"]
[EventDate "2012.04.28"]

1. d4 d5 2. Nf3 Nf6 3. c3 c5 4. Bg5 Nc6 5. e3 cxd4 6. exd4 Bf5 7. Qb3 Qb6 8.
Nbd2 e6 9. Be2 Bd6 10. O-O Ne4 11. Nxe4 Bxe4 12. Nd2 Bg6 13. Rfe1 Qc7 14. Nf1
O-O 15. Bh4 f5 16. Bd3 Bf7 17. Qc2 h6 18. f3 Rac8 19. Re2 Qd7 20. Qd2 Bh5 21.
Rae1 Rce8 22. Bg3 f4 23. Bf2 g5 24. h3 e5 25. dxe5 Nxe5 26. Nh2 Bf7 27. Ng4
Nxg4 28. hxg4 b6 29. Bf5 Qc6 30. Qd3 Bc5 31. Bd4 Bxd4+ 32. Qxd4 Qc5 33. Re5
Rxe5 34. Rxe5 Re8 1/2-1/2

[Event "Amateur Chess Tournament A"]
[Site "Bratto - Castione della Presolana ITA"]
[Date "2012.04.29"]
[Round "4"]
[White "Tramalloni, Luca"]
[Black "Bonassi, Tommaso"]
[Result "1/2-1/2"]
[WhiteElo "2110"]
[BlackElo "1898"]
[PlyCount "148"]
[EventDate "2012.04.28"]

1. d4 Nf6 2. c4 c5 3. d5 b5 4. Nf3 bxc4 5. Nc3 d6 6. e4 g6 7. Bxc4 Bg7 8. e5
Ng4 9. exd6 exd6 10. O-O O-O 11. Bf4 Nf6 12. b3 a6 13. Re1 Ra7 14. Qd2 Re8 15.
Rxe8+ Nxe8 16. Re1 Re7 17. Ne4 Bf5 18. Ng3 Rxe1+ 19. Nxe1 Bd7 20. Nd3 Qh4 21.
h3 Qd8 22. Qe3 Bd4 23. Qd2 Bb5 24. Bg5 Bf6 25. Bf4 Bd4 26. Ne4 Bxc4 27. bxc4
Qb6 28. Qe1 Qd8 29. Qb1 Nd7 30. Nxd6 Nxd6 31. Bxd6 Nb6 32. Bxc5 Bxc5 33. Nxc5
Nxc4 34. Qb7 Qa5 35. Qc8+ Kg7 36. Nd7 Qb4 37. Qc5 Qxc5 38. Nxc5 a5 39. Nb7 Kf6
40. f4 a4 41. Kf2 Nb6 42. d6 Ke6 43. Ke3 Kd5 44. Kd3 f6 45. Na5 Kc5 46. Nc4 Nd7
47. Kc3 h6 48. Nb2 Kb5 49. Kd4 Nb6 50. Nc4 Nxc4 51. d7 Na5 52. Kd5 Nb7 53. Ke6
f5 54. Kf6 Kb4 55. Kxg6 Ka3 56. Kxf5 Kxa2 57. Kg6 Kb3 58. f5 a3 59. f6 a2 60.
f7 a1=Q 61. f8=Q Qa6+ 62. Qf6 Qd3+ 63. Kxh6 Qd2+ 64. Qg5 Qxd7 65. Qg3+ Ka2 66.
Qg8+ Kb1 67. Qh7+ Qxh7+ 68. Kxh7 Kc2 69. g4 Nd6 70. g5 Kd3 71. g6 Ne8 72. g7
Ke3 73. h4 Kf4 74. Kg6 Nxg7 1/2-1/2

[Event "Amateur Chess Tournament A"]
[Site "Bratto - Castione della Presolana ITA"]
[Date "2012.04.29"]
[Round "4"]
[White "Ventura, Salvatore"]
[Black "Cereda, Loris"]
[Result "1/2-1/2"]
[WhiteElo "1987"]
[BlackElo "2243"]
[PlyCount "41"]
[EventDate "2012.04.28"]

1. f4 Nf6 2. Nf3 d5 3. e3 Bg4 4. Be2 Nbd7 5. O-O Bxf3 6. Bxf3 e5 7. d4 e4 8.
Be2 h5 9. c4 c6 10. Bd2 Be7 11. cxd5 cxd5 12. Qb3 Qb6 13. Qxb6 Nxb6 14. Rc1 Rc8
15. Rxc8+ Nxc8 16. Nc3 Nd6 17. Nb5 a6 18. Nxd6+ Bxd6 19. b4 Ke7 20. Rc1 Ra8 21.
a4 1/2-1/2

[Event "Amateur Chess Tournament A"]
[Site "Bratto - Castione della Presolana ITA"]
[Date "2012.05.01"]
[Round "6"]
[White "Cocconcelli, Lorenzo"]
[Black "Cereda, Loris"]
[Result "0-1"]
[WhiteElo "1964"]
[BlackElo "2243"]
[PlyCount "112"]
[EventDate "2012.04.28"]

1. d4 d5 2. c4 e6 3. Nc3 Nf6 4. Nf3 c6 5. e3 Nbd7 6. Qc2 Bd6 7. g4 Nxg4 8. Rg1
Qf6 9. Rxg4 Qxf3 10. Rxg7 Nf6 11. Rg5 Ne4 12. Nxe4 Qxe4 13. Qxe4 dxe4 14. h3 f5
15. Bd2 Kf7 16. Be2 Kf6 17. Rg1 Bd7 18. O-O-O Rhg8 19. Bc3 Rac8 20. f4 exf3 21.
Bxf3 Rg6 22. e4 Bf4+ 23. Kb1 Rcg8 24. Rxg6+ Rxg6 25. exf5 exf5 26. d5+ Kg5 27.
Be1 Be3 28. dxc6 Bxc6 29. Bxc6 Rxc6 30. b3 Rh6 31. h4+ Kg4 32. Rd7 b6 33. Rxa7
f4 34. Rf7 Kf3 35. Bc3 Rxh4 36. Kc2 Ke2 37. Rd7 Rh2 38. b4 Kf2 39. Kd3 Rh3 40.
Bd4 h5 41. c5 Bxd4+ 42. Kxd4 bxc5+ 43. bxc5 Ra3 44. c6 Rxa2 45. c7 Rc2 46. Rh7
f3 47. Kd5 Kg2 48. Rxh5 Rxc7 49. Ke4 Re7+ 50. Kd3 f2 51. Rg5+ Kf1 52. Kd2 Rd7+
53. Kc2 Ke2 54. Re5+ Kf3 55. Rf5+ Ke3 56. Rf6 Rd5 0-1

[Event "Amateur Chess Tournament A"]
[Site "Bratto - Castione della Presolana ITA"]
[Date "2012.05.01"]
[Round "6"]
[White "Kimbin, Richard Conrod"]
[Black "Ranfagni, Stefano"]
[Result "1/2-1/2"]
[WhiteElo "1939"]
[BlackElo "1975"]
[PlyCount "24"]
[EventDate "2012.04.28"]

1. e4 e5 2. Nf3 Nc6 3. Bb5 a6 4. Ba4 Nf6 5. O-O b5 6. Bb3 d6 7. c3 Be7 8. Re1
O-O 9. h3 Nb8 10. d4 Nbd7 11. a4 Bb7 12. Qe2 c6 1/2-1/2

[Event "Amateur Chess Tournament A"]
[Site "Bratto - Castione della Presolana ITA"]
[Date "2012.05.01"]
[Round "6"]
[White "Medici, Simone"]
[Black "Radice, Luca"]
[Result "1-0"]
[WhiteElo "2131"]
[BlackElo "2042"]
[PlyCount "57"]
[EventDate "2012.04.28"]

1. c4 e6 2. b3 Nf6 3. Bb2 b6 4. e3 Bb7 5. Nf3 Be7 6. d4 O-O 7. Nbd2 c5 8. Bd3
cxd4 9. exd4 d5 10. O-O dxc4 11. bxc4 Nc6 12. a3 Qc7 13. Rc1 Rad8 14. Qe2 Qf4
15. Rfd1 Bd6 16. g3 Qh6 17. c5 Bb8 18. Ne4 Ng4 19. h4 f5 20. Neg5 e5 21. Bc4+
Kh8 22. Nf7+ Rxf7 23. Bxf7 e4 24. Ng5 e3 25. f4 Nf2 26. Ba2 Rf8 27. Qxe3 Ne4
28. d5 Nd8 29. c6 1-0

[Event "Amateur Chess Tournament A"]
[Site "Bratto - Castione della Presolana ITA"]
[Date "2012.05.01"]
[Round "6"]
[White "Molina, Fabrizio"]
[Black "Gagliardi, Christian"]
[Result "1/2-1/2"]
[WhiteElo "2264"]
[BlackElo "2233"]
[PlyCount "22"]
[EventDate "2012.04.28"]

1. Nf3 Nf6 2. c4 e6 3. g3 d5 4. Bg2 Be7 5. O-O O-O 6. b3 b6 7. Bb2 Bb7 8. Ne5
Nbd7 9. d4 Rc8 10. Nc3 c5 11. e3 cxd4 1/2-1/2

[Event "Amateur Chess Tournament A"]
[Site "Bratto - Castione della Presolana ITA"]
[Date "2012.05.01"]
[Round "6"]
[White "Pepe, Mario"]
[Black "Boschetti, Claudio"]
[Result "1-0"]
[WhiteElo "2000"]
[BlackElo "2153"]
[PlyCount "107"]
[EventDate "2012.04.28"]

1. e4 e5 2. Nf3 Nc6 3. Bb5 a6 4. Ba4 Nf6 5. O-O Be7 6. Bxc6 dxc6 7. d3 Nd7 8.
Nbd2 O-O 9. Nc4 f6 10. Nh4 g6 11. Qg4 Nc5 12. Qg3 g5 13. Ne3 Kh8 14. Nhf5 Bxf5
15. Nxf5 Ne6 16. Qg4 Ng7 17. Nh6 Qe8 18. Qg3 Qd7 19. Be3 c5 20. Rad1 Rad8 21.
c3 Qe6 22. a3 Rd7 23. Rd2 Rfd8 24. Rfd1 Bf8 25. Qf3 Be7 26. d4 cxd4 27. cxd4
exd4 28. Rxd4 Rxd4 29. Rxd4 Rxd4 30. Bxd4 Qc4 31. Bc3 Qc6 32. Ng4 Ne8 33. Ne3
Kg8 34. Nd5 Qe6 35. Qf5 Qd6 36. g3 Bd8 37. Bb4 Qe5 38. Qc8 Qxe4 39. Qxd8 Qb1+
40. Kg2 Qe4+ 41. Kf1 Qd3+ 42. Ke1 Qb1+ 43. Ke2 Qe4+ 44. Ne3 g4 45. Qd5+ Qxd5
46. Nxd5 Kf7 47. Nf4 b6 48. Bc3 c5 49. Kd3 b5 50. b3 f5 51. Ke3 Ke7 52. Nd3 Kd6
53. Kf4 Kd5 54. Kxf5 1-0

[Event "Amateur Chess Tournament A"]
[Site "Bratto - Castione della Presolana ITA"]
[Date "2012.05.01"]
[Round "6"]
[White "Pirola, Andrea"]
[Black "Stoppa, Omar"]
[Result "1/2-1/2"]
[WhiteElo "2115"]
[BlackElo "2278"]
[PlyCount "74"]
[EventDate "2012.04.28"]

1. d4 Nf6 2. Nf3 g6 3. Bf4 Bg7 4. e3 c5 5. c3 O-O 6. h3 d6 7. Nbd2 b6 8. Be2
Bb7 9. O-O Nc6 10. Qc2 Rc8 11. Rfd1 cxd4 12. exd4 Nd5 13. Be3 Nxe3 14. fxe3 Bh6
15. Qd3 e5 16. e4 exd4 17. Nxd4 Ne5 18. Qg3 Kh8 19. N2f3 Qf6 20. Nxe5 dxe5 21.
Qf3 Qh4 22. g3 Qxe4 23. Qxe4 Bxe4 24. Nb5 Bc2 25. Rd5 Rc5 26. Rxc5 bxc5 27.
Nxa7 Rd8 28. a4 Be4 29. a5 Rd2 30. Kf1 Rxb2 31. a6 c4 32. Nc8 Be3 33. a7 Bc5
34. a8=Q Bxa8 35. Rxa8 Rb1+ 36. Kg2 Rb2 37. Kf1 Rb1+ 1/2-1/2

[Event "Amateur Chess Tournament A"]
[Site "Bratto - Castione della Presolana ITA"]
[Date "2012.05.01"]
[Round "6"]
[White "Siegel, Adrian"]
[Black "Bonassi, Tommaso"]
[Result "1/2-1/2"]
[WhiteElo "2005"]
[BlackElo "1898"]
[PlyCount "87"]
[EventDate "2012.04.28"]

1. d4 Nf6 2. Nf3 g6 3. Bg5 Bg7 4. Nbd2 d5 5. e3 O-O 6. Bd3 b6 7. O-O Ba6 8.
Bxa6 Nxa6 9. c3 c5 10. Qe2 Nc7 11. Rfe1 Ne6 12. Bh4 h6 13. h3 Re8 14. a4 Qc8
15. Bg3 Nh5 16. Bh2 f5 17. Nh4 Nf8 18. Nxg6 Nxg6 19. Qxh5 Kh7 20. Nf3 Bf6 21.
g4 fxg4 22. hxg4 Kg7 23. g5 hxg5 24. Ne5 Qf5 25. Nxg6 Qxg6 26. Qxg6+ Kxg6 27.
Kg2 e6 28. Rh1 Rh8 29. Bg3 Rxh1 30. Rxh1 Rh8 31. Rxh8 Bxh8 32. Bb8 a6 33. Ba7
cxd4 34. cxd4 b5 35. axb5 axb5 36. Bb8 Kf5 37. Kf3 Bf6 38. b3 g4+ 39. Kg3 Be7
40. Be5 Bd8 41. f3 gxf3 42. Kxf3 Be7 43. Bf4 Bd8 44. Bd6 1/2-1/2

[Event "Amateur Chess Tournament A"]
[Site "Bratto - Castione della Presolana ITA"]
[Date "2012.05.01"]
[Round "6"]
[White "Tramalloni, Luca"]
[Black "Ventura, Salvatore"]
[Result "1/2-1/2"]
[WhiteElo "2110"]
[BlackElo "1987"]
[PlyCount "76"]
[EventDate "2012.04.28"]

1. d4 f5 2. c4 e6 3. g3 Nf6 4. Bg2 c6 5. Nf3 d5 6. O-O Bd6 7. b3 Qe7 8. Bb2 O-O
9. Nbd2 b6 10. Ne5 Bb7 11. Ndf3 Nbd7 12. Nd3 Rac8 13. Nfe5 c5 14. dxc5 Nxc5 15.
cxd5 Nxd3 16. Nxd3 Nxd5 17. e3 Rfd8 18. Rc1 Rxc1 19. Qxc1 Rc8 20. Qd2 Rd8 21.
Qc1 Rc8 22. Qa1 Nb4 23. Bxb7 Qxb7 24. Nxb4 Bxb4 25. Rc1 Rxc1+ 26. Qxc1 Qd7 27.
Qc4 Qd1+ 28. Kg2 Qd5+ 29. Qxd5 exd5 30. Kf3 Bd6 31. h3 h5 32. Bd4 Kf7 33. h4 g6
34. Ke2 Ke6 35. Kd3 Bb4 36. Bc3 Bc5 37. Bd4 Bb4 38. Bc3 Bc5 1/2-1/2